000 00899nam a2200253Ia 4500
003 OSt
005 20221005111655.0
006 a|||||r|||| 00| 0
007 ta
008 221004b |||||||| |||| 00| 0 hin d
024 _a32316
037 _cTextual
040 _aCRL
_cCRL
_bhin
041 _2hin
_ahin
082 _aO152,1M66:g, L1
100 _aसेनापति, संपा.
245 0 _aकवित्त-रत्नाकर संपादक उमाशंकर शुक्ल
246 _aKavitta-ratnākar sanpādak umāshankar shukla
260 _aप्रयाग
_bहिन्दी परिषद प्रकाशन भारत
_c1971
300 _a250पृ.
_ccm.
650 _aहिन्दी कविता
942 _hO152,1M66:g, L1
_cTEXL
_2cc
999 _c1022536
_d1022536